000 00230 a2200097 4500
001 36392
100 _aNilsson, James W
245 _aElectric circuits, 2nd ed
260 _aNew York
_bEddison Wesley
_c1996
090 _c23589
_d23589
942 _aNUST-CAE
_cM
_c15101
999 _c271465
_d271465